000 02518nam0a2200385 4500
001 RU\NLR\BIBL_A\016273618
005 20230227112541.0
010 _a978-5-9708-1030-9
_9100
021 _aRU
_bКН-П-22-093323
_9КН-П-22-8338
035 _a(NLR Aleph) 016273618
035 _a(RuMoRGB)011500581
090 _a12894356
_c12894356
100 _a20230201d2022 u y0rusy50 ca
101 0 _aeng
_arus
102 _aRU
105 _aa e 000zy
181 0 _ai
_baxxe
182 0 _an
200 1 _aКраткий англо-русский учебный словарь библейской фразеологии
_fБакина А. Д., Соловьева Е. Е.
_gМинистерство науки и высшего образования Российской Федерации, Федеральное государственное бюджетное образовательное учреждение высшего образования "Орловский государственный университет имени И. С. Тургенева"
203 _aТекст
_bвизуальный
_cнепосредственный
210 _aОрёл
_cОГУ
_cКартуш
_d2022
215 _a79 с.
_cтабл.
_d21
330 _aВ словаре даются эквиваленты и аналоги фразеологических единиц библейского происхождения английского и русского языков, оснащенные толкованиями и контекстами употребления. Словарное издание адресуется специалистам в области фразеологии и типологии, преподавателям и студентам филологических специальностей
333 _a12+
605 _aБиблия
_jСловари
_9925493
_3RU\NLR\AUTH\6621240
606 1 _aАнглийский язык
_xФразеологические словари
_xРусский язык
_9972510
_3RU\NLR\AUTH\6646133
686 1 _aШ143.21-491фраз
686 1 _aЭ37-20я21
700 1 _aБакина
_bА. Д.
_cканд. филол. наук
_gАнна Дмитриевна
_9204405
_3RU\NLR\AUTH\770204457
701 1 _aСоловьева
_bЕ. Е.
_gЕвгения Егоровна
942 _cBOOK
980 _aNB